Sports Quiz

Random Sports Quiz
Score 0/23 Timer 10:00
6 Plays Today
Jaar Gastland % Correct
1950Brazilië
96.4%
2014Brazilië
96.4%
2006Duitsland
95.8%
1938Frankrijk
94%
1998Frankrijk
94%
2010Zuid-Afrika
92.2%
2018Rusland
92.1%
1982Spanje
88.5%
1934Italië
84.7%
1990Italië
84.7%
1978Argentinië
84.6%
2022Qatar
84.3%
Jaar Gastland % Correct
1966Engeland
79.7%
1930Uruguay
72.7%
1970Mexico
72.4%
1986Mexico
72.4%
1994Verenigde Staten
68.1%
1958Zweden
49.6%
1974West-Duitsland
47.7%
1962Chili
44.7%
1954Zwitserland
34.6%
2002Zuid-Korea en Japan
31.6%
2026Verenigde Staten Mexico en Canada
10.9%

You're not logged in!

Compare scores with friends on all Sporcle quizzes.
OR
Log In

From the Vault

Movie Cast Match (2008)

by MasterKGlas

Just think of this as an opportunity to make your own casting decisions.
Remove Ads.
Support Sporcle.
Get the best of Sporcle when you Go Orange. This ad-free experience offers more features, more stats, and more fun while also helping to support Sporcle. Thank you for becoming a member.

Show Comments

Extras

Created May 20, 2020ReportNominate
Tags:jaar

Top Quizzes Today


Score Distribution

Your Account Isn't Verified!

In order to create a playlist on Sporcle, you need to verify the email address you used during registration. Go to your Sporcle Settings to finish the process.

Report this User

Report this user for behavior that violates our Community Guidelines.

Details: